000 00571nam a22002171a 4500
001 1398
003 OSt
005 20260204211732.0
008 040119s2001||||sp ||||||b||||||||||spa||
020 _a8427712316
050 _a371.6 U1e
082 _a371.6 U1e
100 _aUria, Ma. Esther
245 _aEstrategias didácticas organizativas para mejorar los centros educativos / Ma. Esther Uria
250 _a2
264 _aEspaña : Narcea
300 _a225 p
500 _aIncluye bibliografía
650 _a1.Administración de EscuelasÌ
942 _2ddc
_cBK
999 _c1398
_d1398